000 00374nam a2200157Ia 4500
003 Ost
005 20260225132547.0
008 260225s9999||||xx |||||||||||||| ||und||
040 _cfsic
041 _afre
082 _a440
100 _aJaques Marinez
_eAuteur
245 0 _aLes langages documentaires et classificatoires /
245 0 _cJaques Marinez
942 _cكتاب
999 _c33911
_d33911